书目信息 |
| 题名: |
中国,打破隐形墙
|
|
| 作者: | 王凤军 著 | |
| 分册: | ||
| 出版信息: | 北京 中华工商联合出版社 2000.07 |
|
| 页数: | 243页 | |
| 开本: | 21cm | |
| 丛书名: | 市场经济类锐话题丛书 | |
| 单 册: | ||
| 中图分类: | F123.9 | |
| 科图分类: | ||
| 主题词: | 国民经济--市场机制--市场调节 | |
| 电子资源: | ||
| ISBN: | 7-80100-687-9 | |
| 000 | 00633nam2 2200217 45 | |
| 001 | 0205141174 | |
| 005 | 20041229155851.5 | |
| 010 | @a7-80100-687-9@dCNY14.00 | |
| 100 | @a20020514d2000 km y0chiy0120 ea | |
| 101 | 0 | @achi |
| 105 | @a z 000yy | |
| 200 | 1 | @a中国,打破隐形墙@AZhong Guo,Da Po Yin Xing Qiang@f王凤军著@FWang FengJun Zhu |
| 210 | @a北京@c中华工商联合出版社@d2000.07 | |
| 215 | @a243页@d21cm | |
| 225 | @a市场经济类锐话题丛书 | |
| 410 | @12001 @a市场经济类锐话题丛书 | |
| 606 | 0 | @a国民经济@x市场机制@x市场调节 |
| 690 | @aF123.9@v4 | |
| 701 | @a王凤军@4著 | |
| 801 | @aCN@bTSTC@c20020514 | |
| 905 | @dF123.9@e115 | |
| 中国,打破隐形墙/王凤军著.-北京:中华工商联合出版社,2000.07 |
| 243页;21cm.-(市场经济类锐话题丛书) |
| ISBN 7-80100-687-9:CNY14.00 |
| ● |
| 相关链接 |
|
|
|
|
正题名:中国,打破隐形墙
索取号:F123.9/115
 
预约/预借
| 序号 | 登录号 | 条形码 | 馆藏地/架位号 | 状态 | 备注 |
| 1 | 0310245 | 203102454 | 第一借阅区/ [索取号:F123.9/115] | 在馆 | |
| 2 | 0310246 | 203102463 | 第一借阅区/ [索取号:F123.9/115] | 在馆 | |
| 3 | 0310247 | 203102472 | 第一借阅区/ [索取号:F123.9/115] | 在馆 | |
| 4 | 0310248 | 203102481 | 第一借阅区/ [索取号:F123.9/115] | 在馆 | |
| 5 | 0310249 | 203102490 | 第一样本阅览室/ [索取号:F123.9/115] | 在馆 |